Tribhuvan University Central Library

Revolution from above; military bureaucrats and development in Japan, Turkey, Egypt and Peru (Record no. 42972)

MARC details
000 -LEADER
fixed length control field 007660000a22003130004500
082 ## - DEWEY DECIMAL CLASSIFICATION NUMBER
Classification number 321.094
Item number T736r
020 ## - INTERNATIONAL STANDARD BOOK NUMBER
International Standard Book Number 0-87855-136-0
041 ## - LANGUAGE CODE
Language code of text/sound track or separate title Eng
005 - DATE AND TIME OF LATEST TRANSACTION
control field 20120907084838.0
100 ## - MAIN ENTRY--PERSONAL NAME
Personal name Trimberger, Ellen Kay, 1940-
245 ## - TITLE STATEMENT
Title Revolution from above; military bureaucrats and development in Japan, Turkey, Egypt and Peru
260 ## - PUBLICATION, DISTRIBUTION, ETC. (IMPRINT)
Place of publication, distribution, etc New Jersey
Name of publisher, distributor, etc Transaction Books, USA
260 ## - PUBLICATION, DISTRIBUTION, ETC. (IMPRINT)
Date of publication, distribution, etc 1978
300 ## - PHYSICAL DESCRIPTION
Extent 196p.
518 ## - DATE/TIME AND PLACE OF AN EVENT NOTE
Date/time and place of an event note 2008-01-05
530 ## - ADDITIONAL PHYSICAL FORM AVAILABLE NOTE
Additional physical form available note M
536 ## - FUNDING INFORMATION NOTE
Text of note BR Dhakal
650 ## - SUBJECT ADDED ENTRY--TOPICAL TERM
Topical term or geographic name as entry element Revolutions
650 ## - SUBJECT ADDED ENTRY--TOPICAL TERM
Topical term or geographic name as entry element Sociology
650 ## - SUBJECT ADDED ENTRY--TOPICAL TERM
Topical term or geographic name as entry element Democracy
650 ## - SUBJECT ADDED ENTRY--TOPICAL TERM
Topical term or geographic name as entry element Political behaviour
650 ## - SUBJECT ADDED ENTRY--TOPICAL TERM
Topical term or geographic name as entry element Armed forces
650 ## - SUBJECT ADDED ENTRY--TOPICAL TERM
Topical term or geographic name as entry element Case studies
651 ## - SUBJECT ADDED ENTRY--GEOGRAPHIC NAME
Geographic name Japan
651 ## - SUBJECT ADDED ENTRY--GEOGRAPHIC NAME
Geographic name Turkey
651 ## - SUBJECT ADDED ENTRY--GEOGRAPHIC NAME
Geographic name Egypt
651 ## - SUBJECT ADDED ENTRY--GEOGRAPHIC NAME
Geographic name Peru
942 ## - ADDED ENTRY ELEMENTS (KOHA)
Koha item type General Collections
Holdings
Withdrawn status Lost status Source of classification or shelving scheme Damaged status Not for loan Home library Current library Shelving location Date acquired Total Checkouts Full call number Barcode Date last seen Price effective from Koha item type
    Dewey Decimal Classification     Tribhuvan University Central Library Tribhuvan University Central Library New Building 06/20/2010   321.094 T736r G63724 06/20/2010 06/20/2010 General Collections